000 00930nam a2200265Ia 4500
003 OSt
005 20221005111138.0
006 a|||||r|||| 00| 0
007 ta
008 221004b |||||||| |||| 00| 0 hin d
020 _a9789350725566 (hbk)
_c790
024 _a17750
037 _b518, 21/03/2015, Vani Prakashan
_cTextual
040 _aCRL
_cCRL
_bhin
041 _2hin
_ahin
082 _aO152,3:g, Q3
100 _aपाण्डेय, मैनेजर
245 0 _aउपन्यास और लोकतन्त्र
246 _aUpanyās aur lokatantra
260 _aनई दिल्ली
_bवाणी प्रकाशन भारत
_c2013
300 _a240पृ0
_ccm.
650 _aहिन्दी साहित्य
942 _hO152,3:g, Q3
_cTEXL
_2cc
999 _c1020951
_d1020951